| Поле | Инд. | ПП | Название | Значение |
|---|---|---|---|---|
| Тип записи | a | |||
| Библиографический уровень | b | |||
| 001 | Контрольный номер | RU/IS/BASE/234608612 | ||
| 005 | Дата корректировки | 20200522191125.4 | ||
| 040 | b | Код языка каталог. | rus | |
| e | Правила каталог. | PSBO | ||
| 041 | 0_ | a | Код языка текста | rus |
| 084 | a | Индекс другой классификации/Индекс ББК | 83.3(0)4; 87.3(0)32; 81в; 87.228.1 | |
| 100 | 1_ | a | Автор | Николаева Н. Г. |
| 245 | 10 | a | Заглавие | Слово-образ в иерархии текста славянских Ареопагитик |
| 504 | a | Библиография | Библиогр. - Примеч.: с. 26 - 29 | |
| 520 | 0_ | a | Аннотация | Задача данной статьи - показать связь философской эстетики Псевдо-Дионисия с эстетикой слова (и текста) его трактатов. За основу исследования взять первый - древнеславянский - перевод корпуса |
| 600 | 14 | a | Персоналии | Псевдо-Дионисий Ареопагит |
| 650 | 04 | a | Основная рубрика | история литературы |
| a | Основная рубрика | история философии | ||
| a | Основная рубрика | литературоведение | ||
| a | Основная рубрика | общее языкознание | ||
| a | Основная рубрика | филологические науки | ||
| a | Основная рубрика | философия | ||
| a | Основная рубрика | философия языка | ||
| a | Основная рубрика | языкознание | ||
| 653 | 0_ | a | Ключевые слова | "Ареопагитики" |
| a | Ключевые слова | V век | ||
| a | Ключевые слова | древнеславянский язык | ||
| a | Ключевые слова | иерархия текста | ||
| a | Ключевые слова | образы | ||
| a | Ключевые слова | перевод текста | ||
| a | Ключевые слова | символы | ||
| a | Ключевые слова | слова-образы | ||
| a | Ключевые слова | слова-символы | ||
| a | Ключевые слова | текстологический анализ | ||
| a | Ключевые слова | текстология | ||
| a | Ключевые слова | текстообразование | ||
| a | Ключевые слова | теория образного познания | ||
| a | Ключевые слова | теория познания | ||
| a | Ключевые слова | эстетика | ||
| a | Ключевые слова | эстетика текста | ||
| 773 | 0_ | t | Заглавие источника | Вестник Московского университета. Серия 9, Филология |
| d | Дата издания источника | 2006 | ||
| g | Прочая информация | № 5. - С. 7 - 29 | ||
| w | Контрольный № источника | RU/IS/BASE/220371624 | ||
| 901 | t | Тип документа | b |